[Event "Lanaudiere"]
[Site "Repentigny CAN"]
[Date "2000.10.14"]
[Round "3"]
[White "Schleifer, Michael"]
[Black "Lacroix, Serge"]
[Result "1-0"]
[WhiteElo "2351"]
[BlackElo "1786"]
[PlyCount "91"]
[EventDate "2000.08.18"]
[EventType "swiss"]
[EventRounds "5"]
[EventCountry "CAN"]

1. e4 e5 2. Nf3 Nc6 3. Bc4 Nf6 4. Ng5 d5 5. exd5 Na5 6. Bb5+ c6 7. dxc6 bxc6 8.
Bd3 Bg4 9. f3 Bd7 10. Qe2 Bd6 11. O-O O-O 12. Nc3 h6 13. Nge4 Be7 14. Nxf6+
Bxf6 15. b3 c5 16. Ba3 Rc8 17. Nd5 Be6 18. Nxf6+ Qxf6 19. Qe3 Qg5 20. Bxc5 Rfd8
21. Qxg5 hxg5 22. Bxa7 Nc6 23. Be3 f6 24. a3 Kf7 25. b4 Nd4 26. Bxd4 Rxd4 27.
Rf2 g4 28. b5 gxf3 29. gxf3 Ra4 30. Rff1 f5 31. b6 g6 32. Rfb1 Bd5 33. Rb5 Bxf3
34. Rxe5 Kf6 35. Rae1 Rxa3 36. Re6+ Kg5 37. Kf2 Be4 38. Bxe4 fxe4 39. b7 Rf8+
40. Kg2 Ra2 41. Rc6 Rb8 42. Rb1 Ra7 43. Rb5+ Kf4 44. Rc7 Kg4 45. h3+ Kf4 46.
Rf7# 1-0

[Event "Lanaudiere"]
[Site "Repentigny CAN"]
[Date "2000.10.15"]
[Round "4"]
[White "Lacroix, Serge"]
[Black "Gilman, Arkadiy"]
[Result "0-1"]
[WhiteElo "1786"]
[BlackElo "2085"]
[PlyCount "84"]
[EventDate "2000.08.18"]
[EventType "swiss"]
[EventRounds "5"]
[EventCountry "CAN"]

1. e4 e6 2. d4 d5 3. Nc3 Nf6 4. Bg5 Bb4 5. e5 h6 6. Bd2 Nfd7 7. a3 Bf8 8. f4 c5
9. Nf3 Nc6 10. Be3 cxd4 11. Nxd4 Bc5 12. Nce2 Bb6 13. b4 O-O 14. c3 Qe7 15. g3
f6 16. Nxc6 bxc6 17. exf6 Nxf6 18. Bxb6 axb6 19. Nd4 Bd7 20. Bd3 e5 21. Qe2 e4
22. Bc2 Qe8 23. O-O c5 24. Nb3 Bb5 25. Qe1 Bxf1 26. Qxf1 Qc6 27. b5 Qd7 28. a4
Kh8 29. Nd2 Rfe8 30. Re1 Rad8 31. c4 dxc4 32. Nxc4 Qd4+ 33. Kg2 Qc3 34. Bb1
Qf3+ 35. Qxf3 exf3+ 36. Kf1 Rxe1+ 37. Kxe1 Ng4 38. Bc2 Re8+ 39. Kf1 Nxh2+ 40.
Kg1 Re2 41. Bf5 f2+ 42. Kxh2 f1=Q# 0-1

[Event "Quebec op U2000"]
[Site "Montreal CAN"]
[Date "2000.07.22"]
[Round "1"]
[White "Lacroix, Serge"]
[Black "Ramaswamy, Kishor"]
[Result "0-1"]
[WhiteElo "2052"]
[BlackElo "1867"]
[PlyCount "69"]
[EventDate "2000.07.22"]
[EventType "swiss"]
[EventRounds "9"]
[EventCountry "CAN"]

1. e4 c6 2. d4 d5 3. Nc3 dxe4 4. Nxe4 Bf5 5. Ng3 Bg6 6. Nf3 Nd7 7. h4 h6 8. h5
Bh7 9. Bd3 Bxd3 10. Qxd3 Ngf6 11. Bd2 Qc7 12. O-O-O e6 13. c4 O-O-O 14. Be3 c5
15. Kb1 cxd4 16. Bxd4 Bc5 17. Qe2 a6 18. Ne4 Bxd4 19. Nxd4 Nxe4 20. Qxe4 Nf6
21. Qe2 Qc5 22. Nb3 Rxd1+ 23. Rxd1 Qxh5 24. f3 Rd8 25. Rxd8+ Kxd8 26. g4 Qg5
27. Qf2 Kc7 28. Qh2+ Kc8 29. Qd6 Nd7 30. a3 f5 31. gxf5 exf5 32. f4 Qg1+ 33.
Ka2 Qb6 34. Qd5 Kc7 35. Qxf5 0-1

[Event "Quebec op U2000"]
[Site "Montreal CAN"]
[Date "2000.07.23"]
[Round "2"]
[White "Forget, Luc"]
[Black "Lacroix, Serge"]
[Result "0-1"]
[WhiteElo "1796"]
[BlackElo "2052"]
[PlyCount "100"]
[EventDate "2000.07.22"]
[EventType "swiss"]
[EventRounds "9"]
[EventCountry "CAN"]

1. d4 Nf6 2. c4 e6 3. Nc3 Bb4 4. f3 d5 5. a3 Bxc3+ 6. bxc3 O-O 7. cxd5 exd5 8.
e3 Re8 9. Bd3 c5 10. Ne2 b6 11. O-O Ba6 12. Re1 Bxd3 13. Qxd3 Nc6 14. Ng3 Qd7
15. Ra2 Rac8 16. Rae2 g6 17. dxc5 Ne5 18. Qd1 Rxc5 19. e4 dxe4 20. Nxe4 Nxe4
21. Qxd7 Nxd7 22. Rxe4 Rxe4 23. Rxe4 Re5 24. Rxe5 Nxe5 25. Kf2 f5 26. Bf4 Nc4
27. Bc1 Kf7 28. Ke2 Ke6 29. Kd3 Kd5 30. Ke2 Kc5 31. a4 Na5 32. Kd3 Nc4 33. Ke2
Kd5 34. Bf4 Na5 35. Kd3 Nb3 36. Be3 Nc5+ 37. Bxc5 Kxc5 38. g4 fxg4 39. fxg4 g5
40. h3 Kd5 41. Ke3 Ke5 42. Kf3 a5 43. Ke3 Kd5 44. Kd3 Kc5 45. Ke4 b5 46. Kf5
bxa4 47. Kxg5 a3 48. h4 a2 49. Kh6 a1=Q 50. Kxh7 Qxc3 0-1

[Event "Quebec op U2000"]
[Site "Montreal CAN"]
[Date "2000.07.24"]
[Round "4"]
[White "Oaker, William"]
[Black "Lacroix, Serge"]
[Result "1-0"]
[WhiteElo "1969"]
[BlackElo "2052"]
[PlyCount "103"]
[EventDate "2000.07.22"]
[EventType "swiss"]
[EventRounds "9"]
[EventCountry "CAN"]

1. e4 e5 2. Nc3 Nf6 3. f4 d6 4. Nf3 Bg4 5. h3 Bxf3 6. Qxf3 Nc6 7. Bb5 Qd7 8. d3
a6 9. Ba4 b5 10. Bb3 Nd4 11. Qf2 Be7 12. Be3 Nxb3 13. axb3 O-O 14. fxe5 dxe5
15. O-O c6 16. Qg3 Qe6 17. Rf5 Nd7 18. Raf1 f6 19. R5f2 g6 20. Kh1 Kg7 21. Qh4
h5 22. g4 Rh8 23. Kg2 hxg4 24. Qxg4 Qxg4+ 25. hxg4 Bc5 26. Bxc5 Nxc5 27. Rh1
Rxh1 28. Kxh1 Kh6 29. Kg2 Kg5 30. Rf1 Rh8 31. b4 Ne6 32. Ne2 Rh4 33. Kf3 Rxg4
34. Rh1 Nc7 35. b3 f5 36. c4 f4 37. cxb5 cxb5 38. Rc1 Ne8 39. Rc6 Rh4 40. Kg2
Nf6 41. Ng1 Rg4+ 42. Kf2 Rxg1 43. Kxg1 Ng4 44. Kg2 Ne3+ 45. Kf3 Nf1 46. Rxa6
Nd2+ 47. Kf2 f3 48. Re6 Kf4 49. Rxg6 Nxb3 50. Rf6+ Kg4 51. Rxf3 Nd4 52. Rf8 1-0

[Event "Quebec op U2000"]
[Site "Montreal CAN"]
[Date "2000.07.26"]
[Round "6"]
[White "Shvab, Boris"]
[Black "Lacroix, Serge"]
[Result "1/2-1/2"]
[WhiteElo "1794"]
[BlackElo "2052"]
[PlyCount "64"]
[EventDate "2000.07.22"]
[EventType "swiss"]
[EventRounds "9"]
[EventCountry "CAN"]

1. d4 Nf6 2. c4 e6 3. Nf3 Bb4+ 4. Bd2 Qe7 5. Qc2 Bxd2+ 6. Nbxd2 d6 7. e3 O-O 8.
Bd3 e5 9. O-O c5 10. a3 h6 11. b4 Re8 12. Ne4 Nxe4 13. Bxe4 exd4 14. Bh7+ Kh8
15. exd4 Qf6 16. Rfe1 Bd7 17. Be4 Nc6 18. dxc5 dxc5 19. Rad1 Bg4 20. bxc5 Bxf3
21. Bxf3 Nd4 22. Rxe8+ Rxe8 23. Qd3 Nxf3+ 24. Qxf3 Qxf3 25. gxf3 Re7 26. Rd8+
Kh7 27. Ra8 a6 28. Rc8 Re1+ 29. Kg2 Ra1 30. Rc7 Rxa3 31. Rxb7 Ra5 32. c6 Rc5
1/2-1/2

[Event "Quebec op U2000"]
[Site "Montreal CAN"]
[Date "2000.07.27"]
[Round "7"]
[White "Lacroix, Serge"]
[Black "Soskic, Radmilo"]
[Result "1-0"]
[WhiteElo "2052"]
[BlackElo "1745"]
[PlyCount "29"]
[EventDate "2000.07.22"]
[EventType "swiss"]
[EventRounds "9"]
[EventCountry "CAN"]

1. e4 d6 2. d4 Nf6 3. Nc3 g6 4. f4 Bg4 5. Be2 Bxe2 6. Qxe2 h5 7. Nf3 c6 8. Be3
Qa5 9. O-O Nbd7 10. e5 Nd5 11. exd6 e6 12. Ne4 N7f6 13. Nc5 O-O-O 14. Ne5 Rh7
15. Nc4 1-0

[Event "Quebec op U2000"]
[Site "Montreal CAN"]
[Date "2000.07.28"]
[Round "8"]
[White "Lacroix, Serge"]
[Black "Ouellet-Leveille, Clement"]
[Result "1-0"]
[WhiteElo "2052"]
[BlackElo "1705"]
[PlyCount "55"]
[EventDate "2000.07.22"]
[EventType "swiss"]
[EventRounds "9"]
[EventCountry "CAN"]

1. e4 e5 2. Nf3 Nf6 3. Nxe5 d6 4. Nf3 Nxe4 5. d4 d5 6. Bd3 Bd6 7. c4 c6 8. Nc3
Nxc3 9. bxc3 Qe7+ 10. Be3 Nd7 11. O-O O-O 12. Re1 Nf6 13. Bg5 Qd8 14. Rb1 Be7
15. Ne5 Qc7 16. Bf4 Bd6 17. c5 Bxe5 18. Bxe5 Qd8 19. Qf3 Be6 20. Rxb7 Nd7 21.
Bd6 Re8 22. h3 Qa5 23. Rxe6 Rxe6 24. Rxd7 Rf6 25. Qh5 g6 26. Qg5 Re6 27. Qf4 f5
28. Qh6 1-0

[Event "Quebec-ch 1/8 final"]
[Site "Montreal CAN"]
[Date "2000.06.02"]
[Round "1"]
[White "Lacroix, Serge"]
[Black "Leriche, Felix"]
[Result "1/2-1/2"]
[WhiteElo "2052"]
[BlackElo "2217"]
[PlyCount "69"]
[EventDate "2000.06.02"]
[EventType "swiss"]
[EventRounds "5"]
[EventCountry "CAN"]

1. e4 c6 2. d4 d5 3. Nc3 dxe4 4. Nxe4 Bf5 5. Ng3 Bg6 6. Nf3 Nd7 7. h4 h6 8. h5
Bh7 9. Bd3 Bxd3 10. Qxd3 Ngf6 11. Bd2 Qc7 12. O-O-O e6 13. c4 O-O-O 14. Kb1 c5
15. Bc3 cxd4 16. Nxd4 a6 17. Qe2 Bd6 18. Ne4 Nxe4 19. Qxe4 Kb8 20. Nf3 Nf6 21.
Qe2 Ka8 22. Ne5 Rhe8 23. Ng4 Nxg4 24. Qxg4 Be5 25. Bxe5 Qxe5 26. f3 Qf6 27. g3
Rxd1+ 28. Rxd1 Rd8 29. Rxd8+ Qxd8 30. Kc2 Qf6 31. Qe4 Qg5 32. g4 Qc5 33. a3 Ka7
34. b4 Qf2+ 35. Kc3 1/2-1/2

[Event "Quebec-ch 1/8 final"]
[Site "Montreal CAN"]
[Date "2000.06.03"]
[Round "2"]
[White "Fillion, Steve"]
[Black "Lacroix, Serge"]
[Result "1/2-1/2"]
[WhiteElo "2144"]
[BlackElo "2052"]
[PlyCount "84"]
[EventDate "2000.06.02"]
[EventType "swiss"]
[EventRounds "5"]
[EventCountry "CAN"]

1. d4 Nf6 2. Nf3 e6 3. c4 Bb4+ 4. Bd2 Qe7 5. Qc2 Bxd2+ 6. Nbxd2 d6 7. e4 e5 8.
d5 a5 9. Be2 O-O 10. O-O b6 11. b3 Bg4 12. a3 Nbd7 13. b4 axb4 14. axb4 Nh5 15.
Rfe1 Nf4 16. Bf1 f5 17. Rxa8 Rxa8 18. exf5 Qf6 19. Ne4 Qxf5 20. Nfd2 Qg6 21.
Kh1 Nf6 22. f3 Nxe4 23. Nxe4 Bf5 24. g3 Nh5 25. Bd3 Qh6 26. Kg1 Bxe4 27. Bxe4
g6 28. c5 bxc5 29. bxc5 Qf8 30. c6 Nf6 31. Rf1 Qh6 32. f4 Ng4 33. Qd2 exf4 34.
gxf4 Ra4 35. Bb1 Qh3 36. Re1 Ra1 37. Qe2 Nf6 38. Qb2 Qg4+ 39. Kh1 Qf3+ 40. Kg1
Qg4+ 41. Kh1 Qf3+ 42. Kg1 Qg4+ 1/2-1/2

[Event "Quebec-ch 1/8 final"]
[Site "Montreal CAN"]
[Date "2000.06.03"]
[Round "3"]
[White "Lacroix, Serge"]
[Black "Larochelle, Martial"]
[Result "1/2-1/2"]
[WhiteElo "2052"]
[BlackElo "2197"]
[PlyCount "45"]
[EventDate "2000.06.02"]
[EventType "swiss"]
[EventRounds "5"]
[EventCountry "CAN"]

1. e4 c5 2. Nf3 d6 3. d4 cxd4 4. Nxd4 Nf6 5. Nc3 a6 6. Bg5 e6 7. f4 Nc6 8. Qd2
h6 9. Bxf6 Qxf6 10. Nb3 g5 11. g3 gxf4 12. gxf4 Qh4+ 13. Qf2 Be7 14. Bd3 Rg8
15. Qxh4 Bxh4+ 16. Ke2 Bd7 17. Rag1 Ke7 18. Na4 Raf8 19. Nb6 Be8 20. c3 Kd8 21.
Nd2 Be7 22. Rg3 Kc7 23. Na8+ 1/2-1/2

[Event "Quebec-ch 1/8 final"]
[Site "Montreal CAN"]
[Date "2000.06.04"]
[Round "4"]
[White "Gagnon, Fabien"]
[Black "Lacroix, Serge"]
[Result "1/2-1/2"]
[WhiteElo "2135"]
[BlackElo "2052"]
[PlyCount "89"]
[EventDate "2000.06.02"]
[EventType "swiss"]
[EventRounds "5"]
[EventCountry "CAN"]

1. d4 Nf6 2. Nf3 e6 3. e3 c5 4. Bd3 Nc6 5. c3 d5 6. Nbd2 Be7 7. O-O O-O 8. Ne5
Nxe5 9. dxe5 Nd7 10. f4 f5 11. exf6 Nxf6 12. g4 e5 13. f5 e4 14. Be2 c4 15. b3
b5 16. a4 Qb6 17. Nb1 cxb3 18. Qxb3 bxa4 19. Qxa4 Bc5 20. Ba3 Bxe3+ 21. Kg2 Bd7
22. Qd1 Rfc8 23. h4 h6 24. Be7 Bc6 25. Ra6 Qc7 26. Bxf6 gxf6 27. Na3 Qe5 28.
Nb5 Bb6 29. Nd4 Bb7 30. Ra3 Bc5 31. Rb3 Bd6 32. Rh1 Rab8 33. Rh3 Ba8 34. Rxb8
Rxb8 35. Qd2 Qf4 36. Qa2 Bc5 37. Qa6 Bb6 38. Qa3 e3 39. Rf3 Qe5 40. Qa4 Bc7 41.
Rh3 Qf4 42. Qa1 Qf2+ 43. Kh1 Bb6 44. Qf1 Qxf1+ 45. Bxf1 1/2-1/2

[Event "Quebec-ch 1/8 final"]
[Site "Montreal CAN"]
[Date "2000.06.04"]
[Round "5"]
[White "Lacroix, Serge"]
[Black "Lecomte, Andre"]
[Result "0-1"]
[WhiteElo "2052"]
[BlackElo "1918"]
[PlyCount "76"]
[EventDate "2000.06.02"]
[EventType "swiss"]
[EventRounds "5"]
[EventCountry "CAN"]

1. e4 c5 2. Nf3 Nc6 3. d4 cxd4 4. Nxd4 Nf6 5. Nc3 e5 6. Ndb5 d6 7. Bg5 a6 8.
Bxf6 gxf6 9. Na3 b5 10. Nd5 f5 11. Bd3 Be6 12. Qh5 f4 13. c3 Rg8 14. g3 Bg4 15.
Qxh7 Rg6 16. Qh4 Qxh4 17. gxh4 Bf3 18. Rf1 O-O-O 19. Nc2 Kb7 20. a4 Na5 21.
axb5 Nb3 22. bxa6+ Ka7 23. Ra3 Nc5 24. Kd2 Nxe4+ 25. Bxe4 Bxe4 26. Ncb4 Rc8 27.
Ra5 Rc5 28. Rfa1 f3 29. Ne3 Bh6 30. Nd3 Rxa5 31. Rxa5 Rg2 32. b4 d5 33. Rc5 d4
34. cxd4 exd4 35. Rc7+ Kb8 36. Rxf7 dxe3+ 37. Ke1 Bxd3 38. Rxf3 Rg1# 0-1

[Event "Quebec-ch qual-1"]
[Site "Montreal CAN"]
[Date "2000.04.29"]
[Round "2"]
[White "Lacroix, Serge"]
[Black "Cardin, Guillaume"]
[Result "1-0"]
[WhiteElo "2012"]
[BlackElo "1789"]
[PlyCount "51"]
[EventDate "2000.04.28"]
[EventType "swiss"]
[EventRounds "5"]
[EventCountry "CAN"]

1. e4 e5 2. Nf3 Nc6 3. Bb5 a6 4. Ba4 Nf6 5. O-O b5 6. Bb3 Bb7 7. Re1 Bc5 8. c3
Ng4 9. Re2 Nxf2 10. Rxf2 Bxf2+ 11. Kxf2 f5 12. d3 h6 13. exf5 Qf6 14. Nbd2 Qxf5
15. Ne4 O-O-O 16. Bd5 g5 17. Kg1 Rhf8 18. Be3 Na5 19. Bxb7+ Nxb7 20. a4 d5 21.
Ng3 Qf6 22. axb5 axb5 23. d4 e4 24. Ra8+ Kd7 25. Ne5+ Qxe5 26. Rxd8+ 1-0

[Event "Quebec-ch qual-1"]
[Site "Montreal CAN"]
[Date "2000.04.29"]
[Round "3"]
[White "Turcot, Jean"]
[Black "Lacroix, Serge"]
[Result "0-1"]
[WhiteElo "1511"]
[BlackElo "2012"]
[PlyCount "110"]
[EventDate "2000.04.28"]
[EventType "swiss"]
[EventRounds "5"]
[EventCountry "CAN"]

1. b4 e5 2. Bb2 Bxb4 3. Bxe5 Nf6 4. c4 Nc6 5. Bb2 O-O 6. e3 d5 7. cxd5 Nxd5 8.
Nf3 Bf5 9. a3 Ba5 10. Be2 Nb6 11. Qb3 Qd5 12. Qxd5 Nxd5 13. O-O Rad8 14. d4
Rfe8 15. Bb5 Nde7 16. Rc1 a6 17. Ba4 f6 18. Nbd2 b5 19. Bc2 Bxc2 20. Rxc2 Bb6
21. Nb3 Na5 22. Nxa5 Bxa5 23. Bc3 Bb6 24. Bb4 Rd7 25. Bc5 Nd5 26. Nd2 Bxc5 27.
Rxc5 Ree7 28. Nb3 Nb6 29. Na5 Rd5 30. Rac1 Rxc5 31. Rxc5 Rd7 32. Rc6 Kf7 33.
Kf1 Ke7 34. Ke2 Kd8 35. Nb7+ Kc8 36. Na5 Rd6 37. Rc1 Kd7 38. Kd3 f5 39. Nb7 Rc6
40. Rxc6 Kxc6 41. Nc5 Kd6 42. Nxa6 Nc4 43. f3 Nxa3 44. Kc3 Nc4 45. e4 fxe4 46.
fxe4 Ne3 47. Nb4 Kd7 48. d5 Nxg2 49. Kd4 Nh4 50. Kc5 Nf3 51. Nd3 Kd8 52. Kxb5
Nxh2 53. Kc6 Ng4 54. d6 cxd6 55. Kxd6 Nf6 0-1

[Event "Quebec-ch qual-1"]
[Site "Montreal CAN"]
[Date "2000.04.30"]
[Round "4"]
[White "Pnevmonidis, Pantelis"]
[Black "Lacroix, Serge"]
[Result "1/2-1/2"]
[WhiteElo "2114"]
[BlackElo "1964"]
[PlyCount "119"]
[EventDate "2000.04.28"]
[EventType "swiss"]
[EventRounds "5"]
[EventCountry "CAN"]

1. e4 e5 2. Nf3 Nc6 3. Bb5 a6 4. Bxc6 dxc6 5. O-O f6 6. d4 Bg4 7. dxe5 Qxd1 8.
Rxd1 fxe5 9. Rd3 Bxf3 10. gxf3 Rd8 11. Nc3 Rxd3 12. cxd3 Bd6 13. Ne2 Nf6 14. f4
exf4 15. Bxf4 Nh5 16. Be3 Rf8 17. Kg2 Nf4+ 18. Nxf4 Bxf4 19. Re1 Rf6 20. Bxf4
Rxf4 21. Kg3 Rf6 22. f4 Rg6+ 23. Kf3 Rh6 24. Rg1 Kf7 25. Kg3 Rg6+ 26. Kf2 Rh6
27. Kg2 Rg6+ 28. Kf1 Rh6 29. Kg2 Rg6+ 30. Kh1 Rd6 31. Rd1 Rh6 32. Kg2 Rg6+ 33.
Kf3 Rh6 34. Rd2 Rh3+ 35. Kg4 Re3 36. f5 Re1 37. Kf4 g6 38. Ke5 Rf1 39. fxg6+
hxg6 40. Rg2 Rf3 41. d4 Rh3 42. d5 cxd5 43. Kxd5 Rd3+ 44. Ke5 Rh3 45. Rc2 Rh5+
46. Kd4 c6 47. b4 Rb5 48. a3 Rh5 49. Rf2+ Ke6 50. Rg2 Kf7 51. a4 a5 52. Kc3
axb4+ 53. Kxb4 Re5 54. Rg4 g5 55. h4 gxh4 56. Rxh4 Ke6 57. Kc4 Ra5 58. Rh6+ Kd7
59. Rh7+ Kc8 60. Kb4 1/2-1/2

[Event "Quebec-ch qual-1"]
[Site "Montreal CAN"]
[Date "2000.04.30"]
[Round "5"]
[White "Lacroix, Serge"]
[Black "Trottier, Yves"]
[Result "1-0"]
[WhiteElo "2012"]
[BlackElo "1948"]
[PlyCount "53"]
[EventDate "2000.04.28"]
[EventType "swiss"]
[EventRounds "5"]
[EventCountry "CAN"]

1. e4 e5 2. Nf3 Nf6 3. Nxe5 d6 4. Nf3 Nxe4 5. d4 d5 6. Bd3 Nc6 7. O-O Be7 8. c4
Nb4 9. Bxe4 dxe4 10. Ne5 O-O 11. a3 Na6 12. c5 f5 13. Qb3+ Kh8 14. Nf7+ Rxf7
15. Qxf7 Bf6 16. Be3 Bd7 17. Nc3 c6 18. d5 cxd5 19. Nxd5 Bxb2 20. Rab1 Be5 21.
Rfd1 Bc6 22. Qxf5 Qe8 23. Bf4 Bxf4 24. Nxf4 Nxc5 25. Qxc5 Qf7 26. g3 Rf8 27. h4
1-0

[Event "Laval XVII"]
[Site "Laval CAN"]
[Date "2000.04.14"]
[Round "1"]
[White "Lacroix, Serge"]
[Black "Pnevmonidis, Pantelis"]
[Result "1/2-1/2"]
[WhiteElo "1924"]
[BlackElo "2192"]
[PlyCount "70"]
[EventDate "2000.04.14"]
[EventType "swiss"]
[EventRounds "5"]
[EventCountry "CAN"]

1. e4 c5 2. Nf3 e6 3. d4 cxd4 4. Nxd4 a6 5. Nc3 Nc6 6. Be3 Qc7 7. Bd3 Nf6 8.
O-O Be7 9. f4 d6 10. Kh1 O-O 11. Qe2 Re8 12. Rae1 Nxd4 13. Bxd4 e5 14. fxe5
dxe5 15. Be3 Be6 16. Bg5 Nd7 17. Bxe7 Rxe7 18. Nd5 Bxd5 19. exd5 g6 20. c4 Qd6
21. a3 a5 22. Rb1 a4 23. Qd2 Nc5 24. Bc2 e4 25. Qf4 Qxf4 26. Rxf4 Ra6 27. Kg1
Kg7 28. Kf2 g5 29. Rf5 Rf6 30. Rxf6 Kxf6 31. Ke3 Ke5 32. g4 h5 33. h3 hxg4 34.
hxg4 f5 35. gxf5 Rh7 1/2-1/2

[Event "Laval XVII"]
[Site "Laval CAN"]
[Date "2000.04.15"]
[Round "2"]
[White "Luksza, Arkadiusz"]
[Black "Lacroix, Serge"]
[Result "0-1"]
[WhiteElo "2118"]
[BlackElo "1924"]
[PlyCount "96"]
[EventDate "2000.04.14"]
[EventType "swiss"]
[EventRounds "5"]
[EventCountry "CAN"]

1. d4 Nf6 2. c4 e6 3. Nc3 Bb4 4. e3 O-O 5. Nge2 b6 6. a3 Bxc3+ 7. Nxc3 d5 8.
cxd5 exd5 9. b4 c5 10. bxc5 bxc5 11. Be2 Re8 12. O-O c4 13. a4 Bf5 14. a5 Ne4
15. Nxe4 Bxe4 16. Bd2 Nd7 17. Bf3 Nf6 18. Bxe4 Nxe4 19. Be1 Rb8 20. Rb1 Rxb1
21. Qxb1 Qb8 22. Qxb8 Rxb8 23. f3 Nf6 24. Bc3 Rb3 25. Rc1 Ne8 26. Kf2 f5 27. h3
h5 28. Kg3 Kf7 29. Kf4 Kf6 30. e4 g5+ 31. Ke3 f4+ 32. Kd2 Nc7 33. Rc2 Nb5 34.
exd5 Ke7 35. Ba1 Rd3+ 36. Ke1 c3 37. Ke2 Re3+ 38. Kf1 Kd6 39. Re2 Kxd5 40. Rxe3
fxe3 41. Ke2 Nxd4+ 42. Kxe3 Nc2+ 43. Kd3 Nxa1 44. Kxc3 h4 45. Kb2 Ke5 46. Kxa1
Kf4 47. Kb2 Kg3 48. Kb3 Kxg2 0-1

[Event "Laval XVII"]
[Site "Laval CAN"]
[Date "2000.04.15"]
[Round "3"]
[White "Saint Amand, Paul"]
[Black "Lacroix, Serge"]
[Result "1/2-1/2"]
[WhiteElo "2168"]
[BlackElo "1924"]
[PlyCount "79"]
[EventDate "2000.04.14"]
[EventType "swiss"]
[EventRounds "5"]
[EventCountry "CAN"]

1. e4 e5 2. Nf3 Nc6 3. Bb5 a6 4. Ba4 Nf6 5. O-O Be7 6. Re1 b5 7. Bb3 d6 8. c3
O-O 9. h3 Nd7 10. d4 Nb6 11. Nbd2 exd4 12. cxd4 d5 13. e5 Bf5 14. a3 Qd7 15.
Nf1 a5 16. Ng3 Bg6 17. Bc2 Bxc2 18. Qxc2 a4 19. Nf5 Nc4 20. Bg5 h6 21. Bxe7
Nxe7 22. Nxe7+ Qxe7 23. Re2 Ra6 24. Rae1 Re6 25. Nd2 Nxd2 26. Qxd2 Re8 27. Rc1
f6 28. f4 fxe5 29. Rxe5 Qd7 30. Qe2 c6 31. Qe3 g6 32. Re1 Rxe5 33. fxe5 Kg7 34.
Rf1 Re6 35. Qc3 Qe7 36. Rc1 Kh7 37. Qg3 Kg7 38. Qc3 Qc7 39. Qe3 Re7 40. Qc3
1/2-1/2

[Event "Laval XVII"]
[Site "Laval CAN"]
[Date "2000.04.16"]
[Round "4"]
[White "Lacroix, Serge"]
[Black "Khaziyeva, Dinara"]
[Result "1-0"]
[WhiteElo "1924"]
[BlackElo "1899"]
[Annotator "Incomplete"]
[PlyCount "54"]
[EventDate "2000.04.14"]
[EventType "swiss"]
[EventRounds "5"]
[EventCountry "CAN"]

1. e4 c5 2. Nf3 Nf6 3. Nc3 d6 4. d4 cxd4 5. Nxd4 e6 6. Bg5 Be7 7. f4 a6 8. Qf3
Qc7 9. O-O-O Nbd7 10. g4 b5 11. Bxf6 gxf6 12. f5 Nc5 13. fxe6 fxe6 14. Bg2 b4
15. Nce2 Bb7 16. Ng3 Rc8 17. Nb3 Nxe4 18. Qe2 Nxg3 19. hxg3 Bxg2 20. Qxg2 e5
21. Qe4 a5 22. Rh2 a4 23. Nd2 a3 24. Qg6+ Kd7 25. Rxh7 axb2+ 26. Kb1 Rxh7 27.
Qxh7 Qc3 {etc.} 1-0

[Event "Laval XVII"]
[Site "Laval CAN"]
[Date "2000.04.16"]
[Round "5"]
[White "Hua, Lefong"]
[Black "Lacroix, Serge"]
[Result "1-0"]
[WhiteElo "2314"]
[BlackElo "1924"]
[PlyCount "55"]
[EventDate "2000.04.14"]
[EventType "swiss"]
[EventRounds "5"]
[EventCountry "CAN"]

1. c4 Nf6 2. Nc3 e6 3. e4 c5 4. e5 Ng8 5. Nf3 Nc6 6. d4 cxd4 7. Nxd4 Nxe5 8.
Bf4 Ng6 9. Bg3 Bb4 10. Ndb5 e5 11. a3 Bxc3+ 12. bxc3 d5 13. cxd5 a6 14. Qa4 Bd7
15. Nd6+ Ke7 16. Qb4 a5 17. Qc5 b6 18. Nc8+ Ke8 19. Nxb6 Rb8 20. Nxd7 Qxd7 21.
a4 Rc8 22. Qxa5 Qc7 23. Bb5+ Ke7 24. Qb4+ Qc5 25. Qxc5+ Rxc5 26. c4 Nf6 27. f3
Nf4 28. Kf2 1-0

[Event "Montreal-ch"]
[Site "Montreal CAN"]
[Date "2000.03.23"]
[Round "1"]
[White "Pnevmonidis, Pantelis"]
[Black "Lacroix, Serge"]
[Result "1-0"]
[WhiteElo "2114"]
[BlackElo "1964"]
[PlyCount "71"]
[EventDate "2000.03.23"]
[EventType "tourn"]
[EventRounds "7"]
[EventCountry "CAN"]

1. e4 e5 2. Nf3 Nc6 3. Bb5 a6 4. Ba4 Nf6 5. d3 d6 6. c3 Be7 7. O-O b5 8. Bb3
Na5 9. Bc2 c5 10. d4 cxd4 11. cxd4 Qc7 12. Bd3 Bd7 13. Re1 Nc6 14. Nc3 exd4 15.
Nd5 Nxd5 16. exd5 Ne5 17. Nxd4 O-O 18. Bf4 Bf6 19. Rc1 Qb6 20. Nc6 Nxc6 21.
dxc6 Bxc6 22. Qc2 Bd7 23. Bxh7+ Kh8 24. Be4 Rac8 25. Qe2 g6 26. Bh6 Rxc1 27.
Rxc1 Rc8 28. Rxc8+ Bxc8 29. Bd5 Kh7 30. Be3 Qc7 31. h3 Bb7 32. Qf3 Bxd5 33.
Qxf6 Bxa2 34. Bd4 Qc1+ 35. Kh2 Kh6 36. Qh4# 1-0

[Event "Montreal-ch"]
[Site "Montreal CAN"]
[Date "2000.03.24"]
[Round "2"]
[White "Lacroix, Serge"]
[Black "Soudre, Nicolas"]
[Result "0-1"]
[WhiteElo "1964"]
[BlackElo "2159"]
[PlyCount "98"]
[EventDate "2000.03.23"]
[EventType "tourn"]
[EventRounds "7"]
[EventCountry "CAN"]

1. e4 Nc6 2. d4 e5 3. Nf3 exd4 4. Nxd4 Nf6 5. Nxc6 bxc6 6. Bd3 Bc5 7. e5 Qe7 8.
O-O Nd5 9. Re1 a5 10. Qg4 g6 11. Qe2 Nb4 12. Nc3 Nxd3 13. cxd3 Bb4 14. Bh6 Bxc3
15. bxc3 Rg8 16. Bd2 Qe6 17. c4 g5 18. a4 Qg6 19. Bc3 c5 20. Rab1 Qc6 21. Rb5
Bb7 22. f3 g4 23. f4 Ba6 24. Rxa5 Rb8 25. Qe4 Qxe4 26. Rxe4 Bb7 27. Re1 Bc6 28.
Rxc5 Rb3 29. Rc1 Ra3 30. Rb1 f5 31. Rc1 Ra2 32. e6 Rxg2+ 33. Kf1 Rxh2 34. exd7+
Kxd7 35. Ke1 Re8+ 36. Be5 Re6 37. d4 g3 38. d5 Rxe5+ 39. fxe5 Rh1+ 40. Ke2 Rxc1
41. dxc6+ Ke6 42. Kf3 Rc3+ 43. Kg2 f4 44. Rd5 Rc2+ 45. Kf3 Rf2+ 46. Ke4 g2 47.
Rd6+ cxd6 48. c7 Kd7 49. e6+ Kxc7 0-1

[Event "Montreal-ch"]
[Site "Montreal CAN"]
[Date "2000.03.25"]
[Round "3"]
[White "Bouchard, Jean-Marc"]
[Black "Lacroix, Serge"]
[Result "1/2-1/2"]
[WhiteElo "2026"]
[BlackElo "1964"]
[PlyCount "140"]
[EventDate "2000.03.23"]
[EventType "tourn"]
[EventRounds "7"]
[EventCountry "CAN"]

1. b3 e5 2. Bb2 Nc6 3. e3 d5 4. Bb5 Bd6 5. f4 Qe7 6. Nf3 f6 7. Bxc6+ bxc6 8.
fxe5 fxe5 9. Nxe5 Qf6 10. Qf3 Bf5 11. Nc4 Qg6 12. Nxd6+ cxd6 13. d3 Ne7 14. O-O
O-O 15. Qe2 Bg4 16. Rxf8+ Rxf8 17. Qd2 Nf5 18. Nc3 Nh4 19. Rf1 Nf3+ 20. Rxf3
Bxf3 21. b4 Qg5 22. Bc1 Bg4 23. Qe1 Bh3 24. Qg3 Qf6 25. Qe1 Bg4 26. b5 Bd7 27.
bxc6 Bxc6 28. Ne2 Re8 29. Qa5 Rf8 30. Qe1 Qa1 31. Qc3 Qxc3 32. Nxc3 Rc8 33. Ne2
Ba4 34. c3 Bc2 35. Nf4 Bxd3 36. Ba3 Be4 37. Bb4 Rc4 38. Ne6 a5 39. Bxa5 Ra4 40.
Bd8 Rxa2 41. Nf4 Kf7 42. h4 h6 43. h5 Ra3 44. Bb6 Rxc3 45. Bd4 Rb3 46. Kh2 Rb5
47. Kh3 g5 48. hxg6+ Bxg6 49. Kh4 Be4 50. Kh5 Rb1 51. Kxh6 Bxg2 52. Kg5 Be4 53.
Ne2 Re1 54. Ng3 Ke6 55. Kf4 Rd1 56. Bh8 Rd2 57. Bd4 Rf2+ 58. Kg4 Kd7 59. Kh4
Kc6 60. Bg7 Kb5 61. Bh6 Kc4 62. Bf4 Rf3 63. Kg4 Kd3 64. Nf5 Rf1 65. Nxd6 Rg1+
66. Kh3 d4 67. exd4 Kxd4 68. Bg3 Bf3 69. Bf2+ Kd5 70. Bxg1 Kxd6 1/2-1/2